000 00374pab a2200145 454500
008 180718b1986 xxu||||| |||| 00| 0 eng d
100 _aDatt, Ruddar
245 _aPay Commission Report
_bFirst impressions
260 _c1986
300 _a2-4
362 _a12 July
650 _aPersonnel, Public - Pay Plans - Adjustment - India
773 _aMainstream
909 _a14905
999 _c14905
_d14905